[Event "US op 90th"]
[Site "Chicago"]
[Date "1989.??.??"]
[Round "9"]
[White "Hanken, Jerome B"]
[Black "Ashley, Maurice"]
[Result "0-1"]
[WhiteElo "2225"]
[BlackElo "2415"]
[PlyCount "146"]
[EventDate "1989.08.05"]
[EventType "swiss"]
[EventRounds "12"]
[EventCountry "USA"]
[SourceTitle "EXT 1997"]
[Source "ChessBase"]
[SourceDate "1996.11.15"]
[SourceVersion "1"]
[SourceVersionDate "1996.11.15"]
[SourceQuality "1"]

1. c4 c5 2. g3 Nf6 3. Bg2 e6 4. Nf3 Nc6 5. O-O Be7 6. d4 d5 7. cxd5 Nxd5 8.
dxc5 Bxc5 9. e4 Ndb4 10. Qxd8+ Nxd8 11. Nc3 a6 12. Rd1 f6 13. a3 Nbc6 14. b4
Be7 15. e5 f5 16. Bb2 Nf7 17. Na4 Bd7 18. Nb6 Rd8 19. Rac1 Rg8 20. Rc2 g6 21.
Rcd2 Nb8 22. Nd4 Nxe5 23. Nxf5 exf5 24. Bxe5 Bc6 25. Rxd8+ Bxd8 26. Rxd8+ Kxd8
27. Bxb8 Bxg2 28. Kxg2 Re8 29. Bd6 Re6 30. Bc5 Kc7 31. Nc4 b5 32. Ne3 Re8 33.
Kf3 Kc6 34. h4 Rd8 35. Ke2 Re8 36. Kd3 Rd8+ 37. Bd4 Re8 38. Ng2 Re4 39. Ne3 Re8
40. h5 Kd6 41. Ng2 gxh5 42. Nf4 h4 43. gxh4 Re1 44. h5 Rh1 45. Bc5+ Ke5 46. Ke3
Rb1 47. Bd4+ Kd6 48. Kd3 Rb3+ 49. Bc3 Rxa3 50. Kc2 Ra2+ 51. Bb2 a5 52. Kb3 Ra4
53. Ba3 axb4 54. Bxb4+ Ke5 55. Nd3+ Kf6 56. f4 Kg7 57. Nc5 Ra7 58. Ne6+ Kh6 59.
Nd4 Rf7 60. Nxb5 Kxh5 61. Nd6 Rf6 62. Kc4 Kg4 63. Kd5 Kxf4 64. Bd2+ Kg4 65. Ke5
Rf8 66. Bh6 Ra8 67. Nxf5 Ra5+ 68. Kf6 Rxf5+ 69. Kg7 Kh5 70. Kxh7 Rf7+ 71. Bg7
Kg5 72. Kg8 Kg6 73. Bh8 Ra7 0-1

[Event "Groningen op"]
[Site "Groningen"]
[Date "1990.??.??"]
[Round "3"]
[White "Ashley, Maurice"]
[Black "Psakhis, Lev"]
[Result "0-1"]
[WhiteElo "2370"]
[BlackElo "2575"]
[Annotator "Ribli,Z"]
[PlyCount "66"]
[EventDate "1990.??.??"]
[EventType "swiss"]
[EventRounds "9"]
[EventCountry "NED"]
[SourceTitle "CBM 022"]
[Source "ChessBase"]
[SourceDate "1991.06.01"]
[SourceVersion "1"]
[SourceVersionDate "1991.06.01"]
[SourceQuality "1"]

1. c4 e5 2. Nc3 Bb4 3. g3 (3. Nd5 $1) 3... Bxc3 4. dxc3 d6 5. Bg2 f5 6. f4 e4
7. Be3 Qe7 8. Nh3 c5 9. Qd2 Na6 10. Rd1 Kd7 11. Ng5 Nh6 12. Bh3 Kc7 13. Qd5 Bd7
14. b4 Rae8 15. b5 Nb8 16. a4 Be6 17. Qd2 $2 (17. Nxe6+) 17... Bxc4 18. Qb2 Nd7
19. a5 Kb8 20. b6 a6 21. Bg2 Ng4 22. Qd2 d5 23. Nh3 Nf8 24. Nf2 Nxe3 25. Qxe3
Ne6 26. Qd2 d4 27. e3 Rd8 28. Qc1 Bb3 29. Rd2 dxe3 30. Rxd8+ Rxd8 31. Qxe3 c4
32. O-O Qc5 33. Re1 Qxa5 0-1

[Event "Groningen op"]
[Site "Groningen"]
[Date "1990.??.??"]
[Round "4"]
[White "Oei, Hway Ik"]
[Black "Ashley, Maurice"]
[Result "0-1"]
[WhiteElo "2280"]
[BlackElo "2370"]
[Annotator "Ribli,Z"]
[PlyCount "80"]
[EventDate "1990.??.??"]
[EventType "swiss"]
[EventRounds "9"]
[EventCountry "NED"]
[SourceTitle "CBM 022"]
[Source "ChessBase"]
[SourceDate "1991.06.01"]
[SourceVersion "1"]
[SourceVersionDate "1991.06.01"]
[SourceQuality "1"]

1. d4 Nf6 2. c4 e6 3. Nf3 a6 4. Bg5 c5 5. Nc3 cxd4 6. Nxd4 Nc6 (6... h6 7. Bh4
Be7 8. e3 b6 9. Be2 Bb7 10. O-O O-O $10 {Tukmakov-Zaichik Moskva GMA op 1989
47/52}) 7. Nxc6 (7. e3 Be7 8. Be2 $10) 7... bxc6 8. e4 Rb8 9. Qc2 (9. e5 Qa5 $1
) 9... Qa5 10. Bd2 Qc7 11. Rc1 Bd6 $1 12. g3 h5 13. Bg2 h4 14. Bg5 Ng4 15. gxh4
f6 16. Bd2 Rxh4 17. h3 Ne5 18. b3 g5 19. Ne2 c5 20. Bc3 Bb7 21. Rd1 Ke7 22. f3
Rbh8 23. Kd2 Ng6 24. Kc1 Be5 25. Kb1 Bc6 26. Rd2 a5 27. a4 Bxc3 28. Qxc3 Qe5
29. Qxa5 Nf4 30. Nxf4 Rxf4 31. Rd3 Rfh4 32. Rhd1 Rb8 33. Kc2 Rb4 34. Rd5 exd5
35. Qxc5+ Qd6 36. Qxd6+ Kxd6 37. exd5 Bxa4 $1 38. bxa4 Rhxc4+ 39. Kd3 Rd4+ 40.
Ke2 Rb2+ 0-1

[Event "Groningen op"]
[Site "Groningen"]
[Date "1990.??.??"]
[Round "6"]
[White "Fischer Nielsen, Jesper"]
[Black "Ashley, Maurice"]
[Result "0-1"]
[WhiteElo "2230"]
[BlackElo "2370"]
[PlyCount "91"]
[EventDate "1990.??.??"]
[EventType "swiss"]
[EventRounds "9"]
[EventCountry "NED"]
[SourceTitle "CBM 022"]
[Source "ChessBase"]
[SourceDate "1991.06.01"]
[SourceVersion "1"]
[SourceVersionDate "1991.06.01"]
[SourceQuality "1"]

1. d4 Nf6 2. c4 e6 3. Nc3 Bb4 4. f3 c5 5. d5 exd5 6. cxd5 O-O 7. e4 Re8 8. Nge2
d6 9. g3 b6 10. Bg2 Ba6 11. O-O Bxc3 12. bxc3 Nbd7 13. Re1 Ne5 14. Nf4 Re7 15.
Bf1 Bxf1 16. Rxf1 Qd7 17. Ng2 h6 18. Ne3 g6 19. Rb1 Rb8 20. c4 Kh7 21. Kg2 h5
22. h3 Qe8 23. Qd2 Ned7 24. g4 Qf8 25. Qf2 Ree8 26. Bb2 Qe7 27. Qg3 Ne5 28. Qf4
Nfd7 29. gxh5 Nd3 30. hxg6+ fxg6 31. Qg3 Rf8 32. Ba1 Nf4+ 33. Kh2 Nh5 34. Qg2
Ne5 35. Bxe5 Qxe5+ 36. Kg1 Rbe8 37. Rbd1 Re7 38. Qh2 Nf4 39. Kh1 Kh8 40. Rg1
Rh7 41. Rg3 Qc3 42. Nc2 Kg7 43. h4 Rxh4 44. Qxh4 Rh8 45. Qxh8+ Kxh8 46. Rdg1
0-1

[Event "Groningen op"]
[Site "Groningen"]
[Date "1990.??.??"]
[Round "8"]
[White "Brendel, Oliver"]
[Black "Ashley, Maurice"]
[Result "1-0"]
[WhiteElo "2325"]
[BlackElo "2370"]
[PlyCount "35"]
[EventDate "1990.??.??"]
[EventType "swiss"]
[EventRounds "9"]
[EventCountry "NED"]
[SourceTitle "CBM 022"]
[Source "ChessBase"]
[SourceDate "1991.06.01"]
[SourceVersion "1"]
[SourceVersionDate "1991.06.01"]
[SourceQuality "1"]

1. e4 c5 2. Nf3 d6 3. d4 Nf6 4. Nc3 cxd4 5. Nxd4 Nc6 6. Be3 Bd7 7. Be2 e6 8.
O-O Be7 9. f4 O-O 10. Bf3 Qc7 11. Ndb5 Qb8 12. a4 Na5 13. Qd3 Rc8 14. Rad1 Nc4
15. Bc1 a6 16. Nd4 Qc7 17. b3 Ne5 18. fxe5 1-0

[Event "New York op2"]
[Site "New York"]
[Date "1990.??.??"]
[Round "?"]
[White "Vucic, Mladen"]
[Black "Ashley, Maurice"]
[Result "1-0"]
[WhiteElo "2340"]
[BlackElo "2380"]
[PlyCount "85"]
[EventDate "1990.??.??"]
[EventType "swiss"]
[EventRounds "9"]
[EventCountry "USA"]
[SourceTitle "EXT 2000"]
[Source "ChessBase"]
[SourceDate "1999.11.16"]
[SourceVersion "1"]
[SourceVersionDate "1999.11.16"]
[SourceQuality "1"]

1. d4 g6 2. c4 Bg7 3. Nf3 c5 4. d5 Nf6 5. Nc3 O-O 6. g3 d6 7. Bg2 e6 8. O-O
exd5 9. cxd5 Re8 10. Bf4 Ne4 11. Nxe4 Rxe4 12. Nd2 Rb4 13. a3 Rxf4 14. gxf4
Bxb2 15. Ra2 Bg7 16. a4 Qh4 17. e3 Na6 18. Nc4 Nb4 19. Ra3 Qf6 20. Qd2 Bh6 21.
Rb1 a5 22. Qe2 Bd7 23. Rd1 Ra6 24. Bf1 Qe7 25. Rd2 Bf5 26. f3 Bd7 27. Qd1 Ra7
28. h4 Bg7 29. h5 Ra6 30. Rh2 Ra7 31. Kh1 f5 32. Nb6 Qd8 33. Nc4 Be8 34. hxg6
hxg6 35. e4 Bf7 36. Ne3 Qf6 37. exf5 b6 38. fxg6 Bxg6 39. f5 Bf7 40. Bd3 Qd4
41. Be4 Qxd1+ 42. Nxd1 Nxd5 43. Bxd5 1-0

[Event "Philadelphia op2"]
[Site "Philadelphia"]
[Date "1990.??.??"]
[Round "?"]
[White "Garmendez Gonzalez, Florentino"]
[Black "Ashley, Maurice"]
[Result "0-1"]
[WhiteElo "2280"]
[BlackElo "2380"]
[PlyCount "113"]
[EventDate "1990.??.??"]
[EventType "swiss"]
[EventRounds "9"]
[EventCountry "USA"]
[SourceTitle "EXT 1998"]
[Source "ChessBase"]
[SourceDate "1997.11.17"]
[SourceVersion "1"]
[SourceVersionDate "1997.11.17"]
[SourceQuality "1"]

1. e4 g6 2. d4 Bg7 3. Nf3 d6 4. g3 Nf6 5. Nc3 O-O 6. h3 c6 7. Bg2 b5 8. a3 Qc7
9. O-O Rd8 10. Re1 a5 11. Bf4 Nh5 12. Bg5 h6 13. Be3 Bb7 14. Qd2 b4 15. Nd1
bxa3 16. Rxa3 Kh7 17. Nh2 Nf6 18. Ng4 Ng8 19. h4 h5 20. Nh2 Nf6 21. Nc3 Nbd7
22. Nf3 Ng4 23. Bg5 Nb6 24. Bf1 f6 25. Be3 Ba6 26. Bxa6 Rxa6 27. Qd3 Raa8 28.
Rea1 Nxe3 29. fxe3 Bh6 30. Kg2 e5 31. Na4 Nd7 32. Rc3 Rac8 33. d5 c5 34. b3 Re8
35. Nb2 f5 36. Nd2 f4 37. Nbc4 Ra8 38. exf4 exf4 39. Nf3 fxg3 40. Re1 Bf4 41.
Ng5+ Bxg5 42. hxg5 Ne5 43. Qxg3 Nxc4 44. bxc4 Re5 45. Rf3 a4 46. Ref1 Ra7 47.
Qf4 Qg7 48. Qe3 a3 49. Rf6 a2 50. Ra1 Qe7 51. Kf3 Ra4 52. Qf4 Kg7 53. Kg2 Rxg5+
54. Qxg5 Qxf6 55. Qc1 Qe5 56. Kf3 Rxc4 57. Rxa2 0-1

[Event "Philadelphia op2"]
[Site "Philadelphia"]
[Date "1990.??.??"]
[Round "?"]
[White "Masculo, Jose Soares"]
[Black "Ashley, Maurice"]
[Result "1/2-1/2"]
[WhiteElo "2225"]
[BlackElo "2380"]
[PlyCount "88"]
[EventDate "1990.??.??"]
[EventType "swiss"]
[EventRounds "9"]
[EventCountry "USA"]
[SourceTitle "EXT 1998"]
[Source "ChessBase"]
[SourceDate "1997.11.17"]
[SourceVersion "1"]
[SourceVersionDate "1997.11.17"]
[SourceQuality "1"]

1. c4 g6 2. g3 Bg7 3. Bg2 Nf6 4. Nc3 O-O 5. e4 c5 6. Nge2 Nc6 7. O-O Ne8 8. d3
Nc7 9. Rb1 Rb8 10. a3 b5 11. Be3 bxc4 12. Bxc5 cxd3 13. Qxd3 a5 14. Rfd1 d6 15.
Be3 Be6 16. Nd4 Bxd4 17. Bxd4 Bb3 18. Rdc1 Nxd4 19. Qxd4 Ne6 20. Qe3 a4 21. Re1
Re8 22. Re2 Qa5 23. Rd2 Rec8 24. Bh3 Qc5 25. Re1 Qxe3 26. Rxe3 Rc7 27. f4 Nc5
28. e5 d5 29. Nxd5 Bxd5 30. Rxd5 e6 31. Rd2 Nb3 32. Rf2 Rc1+ 33. Bf1 Nc5 34.
Rd2 Kg7 35. Ree2 Rb1 36. Rc2 Nb3 37. Rf2 Nd4 38. Rc4 Nf5 39. Rxa4 R8xb2 40.
Rxb2 Rxb2 41. Re4 Ra2 42. a4 h5 43. Bb5 Rb2 44. Re2 Rb1+ 1/2-1/2

[Event "Lyon op"]
[Site "Lyon"]
[Date "1990.??.??"]
[Round "?"]
[White "Ammann, Philipp"]
[Black "Ashley, Maurice"]
[Result "1-0"]
[WhiteElo "2280"]
[BlackElo "2380"]
[PlyCount "123"]
[EventDate "1990.12.??"]
[EventType "swiss"]
[EventRounds "11"]
[EventCountry "FRA"]
[SourceTitle "EXT 1997"]
[Source "ChessBase"]
[SourceDate "1996.11.15"]
[SourceVersion "1"]
[SourceVersionDate "1996.11.15"]
[SourceQuality "1"]

1. d4 Nf6 2. c4 e6 3. Nf3 c5 4. d5 exd5 5. cxd5 d6 6. Nc3 g6 7. e4 Bg7 8. Be2
O-O 9. Bg5 h6 10. Bh4 g5 11. Bg3 b5 12. Qc2 b4 13. Nd1 Nxe4 14. Qxe4 f5 15. Qc2
f4 16. O-O fxg3 17. hxg3 Nd7 18. Ne3 Ne5 19. Nxe5 Bxe5 20. Qg6+ Bg7 21. Bd3 Rf6
22. Qh7+ Kf7 23. Rae1 Qh8 24. Qe4 h5 25. f4 g4 26. Nc4 Bf8 27. Qe8+ Kg7 28. Qc6
h4 29. Kf2 Kg8 30. Qxa8 Ba6 31. Qe8 Rh6 32. gxh4 Bxc4 33. Bxc4 Qd4+ 34. Qe3
Qxc4 35. g3 Qxd5 36. Rd1 Qxa2 37. Rd2 Re6 38. Qd3 d5 39. Qxd5 Qxd5 40. Rxd5 Bg7
41. b3 Bd4+ 42. Kg2 Re2+ 43. Kh1 a5 44. f5 a4 45. f6 Bxf6 46. Rxf6 axb3 47. Rf1
c4 48. Rg5+ Kh7 49. Rxg4 c3 50. Rxb4 b2 51. Rb3 Rc2 52. Rf7+ Kg6 53. Rc7 Kf5
54. Rc4 Ke5 55. h5 Kd5 56. Rc8 Kd4 57. h6 Rc1+ 58. Kh2 b1=Q 59. Rxb1 Rxb1 60.
h7 c2 61. h8=Q+ Kd3 62. Qc3+ 1-0

[Event "New York State-ch"]
[Site "New York"]
[Date "1991.??.??"]
[Round "3"]
[White "Stenzel, Harold G"]
[Black "Ashley, Maurice"]
[Result "0-1"]
[WhiteElo "2250"]
[BlackElo "2370"]
[PlyCount "72"]
[EventDate "1991.??.??"]
[EventType "swiss"]
[EventRounds "6"]
[EventCountry "USA"]
[SourceTitle "EXT 2000"]
[Source "ChessBase"]
[SourceDate "1999.11.16"]
[SourceVersion "1"]
[SourceVersionDate "1999.11.16"]
[SourceQuality "1"]

1. e4 c5 2. Nf3 d6 3. d4 Nf6 4. Nc3 cxd4 5. Nxd4 Nc6 6. Bg5 e6 7. Qd2 a6 8.
O-O-O h6 9. Be3 Nxd4 10. Bxd4 b5 11. f3 Be7 12. Kb1 Qc7 13. g4 Bb7 14. h4 b4
15. Ne2 e5 16. Be3 d5 17. g5 hxg5 18. Bxg5 dxe4 19. Ng3 Rd8 20. Qe1 exf3 21.
Rxd8+ Qxd8 22. Rh2 Nd5 23. Ne4 f5 24. Bxe7 Qxe7 25. Ng5 e4 26. Bc4 Qxg5 27.
hxg5 Rxh2 28. Bxd5 f2 29. Qf1 Bxd5 30. b3 e3 31. Qxa6 Rh1+ 32. Kb2 f1=Q 33.
Qg6+ Kf8 34. Qd6+ Kg8 35. Qxd5+ Kh7 36. g6+ Kh6 0-1

[Event "New York op"]
[Site "New York"]
[Date "1991.??.??"]
[Round "?"]
[White "Koren, Inna"]
[Black "Ashley, Maurice"]
[Result "0-1"]
[WhiteElo "2200"]
[BlackElo "2370"]
[PlyCount "44"]
[EventDate "1991.03.??"]
[EventType "swiss"]
[EventRounds "9"]
[EventCountry "USA"]
[SourceTitle "EXT 1998"]
[Source "ChessBase"]
[SourceDate "1997.11.17"]
[SourceVersion "1"]
[SourceVersionDate "1997.11.17"]
[SourceQuality "1"]

1. e4 c5 2. Nc3 Nc6 3. f4 g6 4. Nf3 Bg7 5. Bb5 Nd4 6. Bd3 d6 7. Nxd4 cxd4 8.
Ne2 Nf6 9. c3 dxc3 10. dxc3 Qb6 11. Qb3 Qc5 12. Qb5+ Qxb5 13. Bxb5+ Bd7 14. Bd3
Bc6 15. Ng3 h5 16. e5 dxe5 17. fxe5 Ng4 18. e6 f5 19. O-O O-O-O 20. Bc2 Be5 21.
Re1 Bc7 22. Bg5 Bb6+ 0-1

[Event "New York op"]
[Site "New York"]
[Date "1991.??.??"]
[Round "7"]
[White "Ashley, Maurice"]
[Black "Weeramantry, Sunil"]
[Result "1-0"]
[WhiteElo "2370"]
[BlackElo "2255"]
[Annotator "King,D"]
[PlyCount "59"]
[EventDate "1991.03.??"]
[EventType "swiss"]
[EventRounds "9"]
[EventCountry "USA"]
[SourceTitle "CBM 023"]
[Source "ChessBase"]
[SourceDate "1991.08.01"]
[SourceVersion "1"]
[SourceVersionDate "1991.08.01"]
[SourceQuality "1"]

1. e4 d6 2. d4 g6 3. Nc3 Bg7 4. Be3 c6 5. Qd2 b5 6. f3 Nd7 7. h4 h5 (7... Ngf6
8. g4 $1 h5 9. g5 Ng8 10. a3 Bb7 11. f4 a5 12. Bg2 b4 13. Nce2 c5 14. Nh3 e6
15. O-O Ne7 16. axb4 cxb4 17. Ng3 O-O 18. f5 $1 $40 {Efimov-Nievergelt, Geneva
Open 1991.}) 8. Nh3 Nb6 $6 {8...Ngf6; 8...Bb7; 8...a6.} 9. Ng5 Rb8 10. Nd1 d5
11. Bf4 Rb7 12. e5 Nh6 13. Bd3 Nf5 14. Bxf5 Bxf5 15. Ne3 Nc4 16. Nxf5 $3 Nxd2
17. Nxg7+ Kd7 18. e6+ Kc8 19. exf7 Nc4 20. N7e6 $16 Qa5+ 21. Kf2 Qb4 22. b3 Nd6
23. c3 Qxc3 24. Rhc1 Qb2+ 25. Kf1 Rb6 26. Rab1 Qxa2 27. Ra1 Qxb3 28. Rxa7 Rb7
29. Rxb7 Nxb7 30. Rxc6+ 1-0

[Event "World op 19th"]
[Site "Philadelphia"]
[Date "1991.??.??"]
[Round "6"]
[White "Ashley, Maurice"]
[Black "Baker, Bruce"]
[Result "1-0"]
[WhiteElo "2355"]
[BlackElo "2250"]
[PlyCount "83"]
[EventDate "1991.07.??"]
[EventType "swiss"]
[EventRounds "9"]
[EventCountry "USA"]
[SourceTitle "EXT 2000"]
[Source "ChessBase"]
[SourceDate "1999.11.16"]
[SourceVersion "1"]
[SourceVersionDate "1999.11.16"]
[SourceQuality "1"]

1. e4 e5 2. Nf3 Nc6 3. Bb5 a6 4. Ba4 Nf6 5. Nc3 b5 6. Bb3 Be7 7. O-O d6 8. a4
b4 9. Nd5 Bg4 10. a5 O-O 11. Nxf6+ Bxf6 12. c3 Rb8 13. Bc4 Ne7 14. h3 Bc8 15.
Qe2 c6 16. d4 Qc7 17. dxe5 dxe5 18. Be3 bxc3 19. Bb6 Qb7 20. bxc3 Ng6 21. Rab1
Nf4 22. Qa2 Be6 23. Bxe6 Nxe6 24. Bc5 Nxc5 25. Rxb7 Rxb7 26. Rb1 Rfb8 27. Rxb7
Rxb7 28. Nd2 Rb5 29. f3 Nd3 30. Nc4 Bg5 31. Nd6 Rb8 32. Qxf7+ Kh8 33. Ne8 Rb1+
34. Kh2 Bf4+ 35. g3 Rb2+ 36. Kh1 Rb1+ 37. Kg2 Rb2+ 38. Kf1 Rb1+ 39. Ke2 Nc1+
40. Kd1 Na2+ 41. Kc2 Rc1+ 42. Kb2 1-0

[Event "New York m"]
[Site "New York"]
[Date "1992.??.??"]
[Round "1"]
[White "Ashley, Maurice"]
[Black "Polgar, Sofia"]
[Result "0-1"]
[WhiteElo "2370"]
[BlackElo "2445"]
[Annotator "Ftacnik,L"]
[PlyCount "104"]
[EventDate "1992.??.??"]
[EventType "match"]
[EventRounds "6"]
[EventCountry "USA"]
[SourceTitle "CBM 033"]
[Source "ChessBase"]
[SourceDate "1993.04.01"]
[SourceVersion "1"]
[SourceVersionDate "1993.04.01"]
[SourceQuality "1"]

1. d4 d5 2. Nf3 Nf6 3. c4 e6 4. Nc3 c6 5. e3 Nbd7 6. Bd3 dxc4 7. Bxc4 b5 8. Bd3
Bb7 9. O-O a6 10. e4 c5 11. d5 c4 12. Bc2 Qc7 13. dxe6 fxe6 14. e5 Nxe5 15.
Nxe5 Qxe5 16. Re1 Qd6 17. Qe2 {N} (17. Bg5 O-O-O 18. Qe2 Qc6 19. Qxe6+ Qxe6 20.
Rxe6 Bc5 21. Ne4 Bxe4 22. Bxe4 Rd6 23. Rxd6 Bxd6 24. Bf3 Be5 $15 {Greenfeld,
A-Pinter,J/Beersheba/1988/}) 17... Be7 (17... Kf7 18. Ne4 $40) 18. Qxe6 Qxe6
19. Rxe6 Kf7 20. Rb6 $5 (20. Re2 Rhd8 21. Be3 $15) 20... Rab8 21. Bf4 Bc5 22.
Bxb8 (22. Rxf6+ $1 Kxf6 (22... gxf6 23. Bxb8 Rxb8 24. Bxh7) 23. Bxb8 Rxb8 24.
Rd1 $10 (24. Ne4+ Bxe4 25. Bxe4 Rd8 $1)) 22... Bxb6 23. Bf4 Rd8 24. Rd1 Rxd1+
25. Nxd1 a5 $15 26. Kf1 (26. a3 b4 27. axb4 axb4 28. Kf1 $15) 26... b4 27. f3
Bc6 28. Bd2 (28. Bd6 Ke6 29. Bf8 g6 $17) (28. Be3 Bc7 29. h3 Nd5 $17) 28... Bc5
29. Ke1 a4 30. Ne3 (30. b3 cxb3 31. axb3 a3 $17) 30... Bb5 31. Kd1 g6 32. h3
Bd4 33. Bc1 (33. Ng4 b3 34. axb3 axb3 35. Bb1 Bxb2 $19) 33... Ke6 34. Bb1 b3
35. a3 (35. axb3 cxb3 $17) 35... Nd7 36. h4 Nb6 37. h5 Be8 (37... gxh5 38. Bxh7
Ke5 $17) 38. f4 c3 39. bxc3 (39. f5+ gxf5 40. Bxf5+ Ke5 41. bxc3 Bxe3 42. Bxe3
Nc4 $19) 39... Bxe3 40. Bxe3 Nc4 41. Bc5 Kd5 42. Bf8 gxh5 43. Bxh7 Ne3+ 44. Kd2
Nxg2 45. f5 (45. Bh6 h4 46. Bf5 Bf7 $19) 45... h4 46. c4+ Kxc4 47. Bg6 h3 48.
Bd6 Kd5 49. Bg3 (49. Bxe8 Kxd6 50. f6 h2 51. f7 Ke7 $19) 49... Bxg6 50. fxg6
Ke6 51. Be5 Nh4 52. g7 Kf7 {Ftacnik,L} (52... Kf7 53. Ke2 Ng6 54. Bg3 b2 $19)
0-1

[Event "New York op"]
[Site "New York"]
[Date "1992.??.??"]
[Round "5"]
[White "Ashley, Maurice"]
[Black "Wolff, Patrick G"]
[Result "1/2-1/2"]
[WhiteElo "2370"]
[BlackElo "2570"]
[PlyCount "108"]
[EventDate "1992.04.??"]
[EventType "swiss"]
[EventRounds "9"]
[EventCountry "USA"]
[SourceTitle "TD"]
[Source "ChessBase"]
[SourceDate "1994.03.01"]
[SourceVersion "1"]
[SourceVersionDate "1994.03.01"]
[SourceQuality "1"]

1. e4 c5 2. Nf3 d6 3. d4 cxd4 4. Nxd4 Nf6 5. Nc3 Nc6 6. Bc4 e6 7. Be3 a6 8. Qe2
Qc7 9. Bb3 Na5 10. g4 b5 11. g5 Nd7 12. h4 Nc5 13. a3 Bb7 14. f3 Ncxb3 15. cxb3
e5 16. Nc2 Nxb3 17. Rd1 Qc4 18. Nb4 Be7 19. Nbd5 Bd8 20. Qxc4 bxc4 21. Rh2 O-O
22. f4 exf4 23. Bxf4 Re8 24. Bxd6 Rc8 25. Re2 Nc5 26. Bxc5 Rxc5 27. Kf1 Bc8 28.
Rd4 h6 29. gxh6 gxh6 30. Rh2 Rc6 31. Ke1 a5 32. Kd1 Ba6 33. Kc2 Rg6 34. Rdd2
Kf8 35. Nf4 Rf6 36. Nfd5 Rf3 37. Rdg2 Bc8 38. Rd2 Kg7 39. Rd4 Ba6 40. Rd1 Kh7
41. Rdd2 Bc8 42. Nb5 Bd7 43. Ndc3 Bxb5 44. Nxb5 Bf6 45. Rhf2 Rxf2 46. Rxf2 Bxh4
47. Rxf7+ Kg6 48. Ra7 Rxe4 49. Nc3 Re5 50. Rc7 Bf6 51. Rxc4 h5 52. Ne4 Be7 53.
Kd3 h4 54. Ke2 Rb5 1/2-1/2

[Event "New York op"]
[Site "New York"]
[Date "1992.??.??"]
[Round "6"]
[White "Ehlvest, Jaan"]
[Black "Ashley, Maurice"]
[Result "1-0"]
[WhiteElo "2615"]
[BlackElo "2370"]
[PlyCount "173"]
[EventDate "1992.04.??"]
[EventType "swiss"]
[EventRounds "9"]
[EventCountry "USA"]
[SourceTitle "TD"]
[Source "ChessBase"]
[SourceDate "1994.03.01"]
[SourceVersion "1"]
[SourceVersionDate "1994.03.01"]
[SourceQuality "1"]

1. Nf3 c5 2. c4 g6 3. d4 cxd4 4. Nxd4 Bg7 5. e4 Nc6 6. Be3 Nf6 7. Nc3 d6 8. Be2
O-O 9. O-O Bd7 10. Rc1 Rb8 11. a3 a6 12. f3 Nxd4 13. Bxd4 b5 14. b4 Ne8 15. Kh1
Bxd4 16. Qxd4 Nc7 17. f4 bxc4 18. Bxc4 Nb5 19. Bxb5 Bxb5 20. Rfd1 Bc6 21. f5
Rc8 22. Qe3 Qd7 23. Qh6 Qb7 24. Re1 Kh8 25. Qf4 gxf5 26. Qxf5 Rg8 27. Nd5 Bxd5
28. exd5 Rxc1 29. Rxc1 f6 30. Qe6 Qa7 31. h3 Qf2 32. Rg1 Qa7 33. Kh2 Qc7 34.
Qe3 Qb7 35. Qe6 Qc7 36. Re1 Qc3 37. Re3 Qd2 38. Rg3 Rxg3 39. Kxg3 h5 40. Qxe7
h4+ 41. Kf3 Qd1+ 42. Qe2 Qxd5+ 43. Qe4 Qh5+ 44. Qg4 Qd5+ 45. Qe4 Qh5+ 46. Kf2
d5 47. Qg4 Qh6 48. Qc8+ Kg7 49. Qd7+ Kf8 50. Qxd5 Qf4+ 51. Ke2 Kg7 52. Qd7+ Kf8
53. Qe6 Qg5 54. Qc8+ Kf7 55. Qc4+ Ke8 56. Qe4+ Kf7 57. Qc4+ Ke8 58. Kf2 Qf5+
59. Kg1 Qb1+ 60. Qf1 Qb2 61. Qxa6 Qd4+ 62. Kh1 Qa1+ 63. Kh2 Qe5+ 64. Kg1 Qd4+
65. Kf1 Qf4+ 66. Ke2 Qe4+ 67. Kd2 Qf4+ 68. Kc2 Qf2+ 69. Kb3 Qxg2 70. Qe6+ Kd8
71. Qxf6+ Kc7 72. Qe7+ Kb6 73. Qe6+ Ka7 74. Qe3+ Ka8 75. Kc3 Kb7 76. Qd3 Ka7
77. a4 Qc6+ 78. Kb3 Qe6+ 79. Ka3 Qe1 80. a5 Qg3 81. Qb3 Ka6 82. Ka4 Qd6 83. b5+
Kb7 84. a6+ Kc8 85. Qc3+ Kd7 86. a7 Qf4+ 87. Ka5 1-0

[Event "New York op"]
[Site "New York"]
[Date "1992.??.??"]
[Round "7"]
[White "Ashley, Maurice"]
[Black "Moulin, Pierre"]
[Result "1-0"]
[WhiteElo "2370"]
[BlackElo "2280"]
[PlyCount "103"]
[EventDate "1992.04.??"]
[EventType "swiss"]
[EventRounds "9"]
[EventCountry "USA"]
[SourceTitle "TD"]
[Source "ChessBase"]
[SourceDate "1994.03.01"]
[SourceVersion "1"]
[SourceVersionDate "1994.03.01"]
[SourceQuality "1"]

1. e4 c5 2. Nf3 d6 3. d4 Nf6 4. Nc3 cxd4 5. Nxd4 a6 6. Bc4 e6 7. O-O b5 8. Bb3
Be7 9. Qf3 Qb6 10. Be3 Qb7 11. Qg3 O-O 12. Bh6 Ne8 13. Rfe1 Kh8 14. Bg5 Nc6 15.
Nxc6 Bxg5 16. Qxg5 Qxc6 17. a4 b4 18. Qe7 Kg8 19. Nd5 Qc5 20. Nf4 Ra7 21. Qh4
Nf6 22. Rad1 Bb7 23. Nd3 Qd4 24. Kh1 Raa8 25. f3 Rfd8 26. Qg3 Rac8 27. Qg5 e5
28. Qc1 Qb6 29. a5 Qxa5 30. Qd2 Qb5 31. Qxb4 Qxb4 32. Nxb4 a5 33. Na2 Ba6 34.
Nc3 Bc4 35. Bxc4 Rxc4 36. Rd2 Kf8 37. Nb1 a4 38. Na3 Rc6 39. c3 Rb8 40. Kg1 Ke7
41. Red1 Nd7 42. Nc2 Nf6 43. Nb4 Rcb6 44. Ra1 Ra8 45. Ra3 Ke6 46. Kf2 Rb5 47.
Ke3 Rb7 48. b3 Rba7 49. Rda2 axb3 50. Rxa7 Rxa7 51. Rxa7 b2 52. Nd5 1-0

[Event "New York op"]
[Site "New York"]
[Date "1992.??.??"]
[Round "8"]
[White "Poldauf, Dirk"]
[Black "Ashley, Maurice"]
[Result "0-1"]
[WhiteElo "2360"]
[BlackElo "2370"]
[PlyCount "92"]
[EventDate "1992.04.??"]
[EventType "swiss"]
[EventRounds "9"]
[EventCountry "USA"]
[SourceTitle "TD"]
[Source "ChessBase"]
[SourceDate "1994.03.01"]
[SourceVersion "1"]
[SourceVersionDate "1994.03.01"]
[SourceQuality "1"]

1. c4 c5 2. g3 g6 3. Bg2 Bg7 4. Nc3 Nc6 5. e3 Nh6 6. Nge2 Nf5 7. O-O h5 8. h3
Rb8 9. b3 d6 10. Bb2 O-O 11. d3 e6 12. Qd2 a6 13. Ne4 e5 14. a3 b6 15. Rab1 Bb7
16. Ba1 Nce7 17. d4 exd4 18. exd4 Nc6 19. d5 Ncd4 20. Nc1 Re8 21. Nd3 Bh6 22.
Qd1 a5 23. a4 Bg7 24. Re1 Bc8 25. Qd2 Rb7 26. Kh1 Rbe7 27. Bc3 Kf8 28. Ba1 Ba6
29. Bc3 Kg8 30. Ba1 Bb7 31. Bc3 Ba6 32. Ba1 Qc7 33. Bc3 Qd7 34. Ba1 Nxb3 35.
Rxb3 Bxa1 36. Rxa1 Rxe4 37. Bxe4 Nd4 38. Rba3 Qxh3+ 39. Kg1 Rxe4 40. Nf4 Rxf4
41. gxf4 Qg4+ 42. Kh2 Bxc4 43. f3 Qh4+ 44. Kg2 Ne2 45. Rh1 Nxf4+ 46. Kg1 Qg3+
0-1